From Madrid to Heaven : (Record no. 31003)

MARC details
000 -LEADER
fixed length control field 00750nam a22002418i 4500
001 - CONTROL NUMBER
control field 019898289
003 - CONTROL NUMBER IDENTIFIER
control field EG-ScBUE
005 - DATE AND TIME OF LATEST TRANSACTION
control field 20251125093038.0
008 - FIXED-LENGTH DATA ELEMENTS--GENERAL INFORMATION
fixed length control field 200817n202u ua f 000 j eng d
020 ## - INTERNATIONAL STANDARD BOOK NUMBER
International Standard Book Number 9789778732931
040 ## - CATALOGING SOURCE
Original cataloging agency StDuBDS
Language of cataloging eng
Description conventions rda
Transcribing agency StDuBDS
Modifying agency EG-ScBUE
082 04 - DEWEY DECIMAL CLASSIFICATION NUMBER
Classification number 823.914
Edition number 22
Item number CRO
100 1# - MAIN ENTRY--PERSONAL NAME
Personal name Croxford, Leslie,
Dates associated with a name 1944-
Relator term author.
9 (RLIN) 41842
245 10 - TITLE STATEMENT
Title From Madrid to Heaven :
Remainder of title short stories /
Statement of responsibility, etc Leslie Croxford.
264 #1 - PUBLICATION, DISTRIBUTION, ETC. (IMPRINT)
Place of publication, distribution, etc [Cairo] :
Name of publisher, distributor, etc Diwan Publishing,
Date of publication, distribution, etc [202-?]
300 ## - PHYSICAL DESCRIPTION
Extent 303 pages ;
Dimensions 22 cm
336 ## - CONTENT TYPE
Content type term text
Source rdacontent
Content type code txt
337 ## - MEDIA TYPE
Media type term unmediated
Source rdamedia
Media type code n
338 ## - CARRIER TYPE
Carrier type term volume
Source rdacarrier
Carrier type code nc
650 #7 - SUBJECT ADDED ENTRY--TOPICAL TERM
Topical term or geographic name as entry element English fiction
Chronological subdivision 20th century.
Source of heading or term BUEsh
655 #0 - INDEX TERM--GENRE/FORM
Form subdivision Reading book
9 (RLIN) 33706
942 ## - ADDED ENTRY ELEMENTS (KOHA)
Source of classification or shelving scheme Dewey Decimal Classification
Koha item type Book - Borrowing
Holdings
Withdrawn status Lost status Source of classification or shelving scheme Damaged status Not for loan Collection code Home library Current library Shelving location Date acquired Source of acquisition Total Checkouts Full call number Barcode Date last seen Price effective from Koha item type
    Dewey Decimal Classification     Donation-Gift Central Library Central Library Second Floor 25/11/2025 Donation   823.914 CRO 000057397 25/11/2025 25/11/2025 Book - Borrowing